Player versus player : hockey assaults adjudicated in Canadian courts /

Bibliographic Details
Main Author: MacLellan, John Charles, 1959-
Format: Thesis Microform Book
Language:English
Published: [Place of publication not identified] : [publisher not identified] ; 1984.
Subjects:

MARC

Tag First Indicator Second Indicator Subfields
LEADER 00000cam a2200000 a 4500
001 in00000019378
005 20151007054244.0
007 he bmb|||||||
008 851121r19851984orua bb 00010 eng d
035 |a (OCoLC)12828449 
035 |9 AAB4473AM 
040 |a SDB  |c SDB  |d HPE  |d TXA  |d UtOrBLW 
043 |a n-cn--- 
049 |a TXAI 
099 |a fiche  |a C  |a 9244 
100 1 |a MacLellan, John Charles,  |d 1959- 
245 1 0 |a Player versus player :  |b hockey assaults adjudicated in Canadian courts /  |c by John Charles MacLellan. 
264 1 |a [Place of publication not identified] :  |b [publisher not identified] ;  |c 1984. 
300 |a xi, 226 leaves :  |b illustrations 
336 |a text  |b txt  |2 rdacontent 
337 |a microform  |b h  |2 rdamedia 
338 |a microfiche  |b he  |2 rdacarrier 
502 |b M.A.  |c University of Western Ontario  |d 1984. 
500 |a Vita. 
504 |a Bibliography: leaves 198-208. 
533 |a Microfiche.  |b Eugene :  |c Microform Publications, College of Human Development and Performance, University of Oregon,  |d 1985.  |e 3 microfiches : negative ; 11 x 15 cm. 
500 |a Microform. 
650 0 |a Hockey  |z Canada  |x Accidents and injuries. 
650 0 |a Violence in sports  |z Canada. 
650 0 |a Assault and battery  |z Canada. 
999 |a MARS 
999 f f |s 5bc9a8ef-1187-3334-a2fe-c544e3781bcf  |i 633e2f22-6181-372d-a37c-ab3a93f8f2b6  |t 0 
952 f f |p normal  |a Texas A&M University  |b College Station  |c Sterling C. Evans Library  |d Evans: Microforms (3rd floor)  |t 0  |e fiche C 9244  |h Other scheme  |i microform -- microfiche  |m A14822855119 
998 f f |a fiche C 9244  |t 0  |l Evans: Microforms (3rd floor)